00270nam a2200097 a 450000500170000000800410001705000180005824500510007665000090012765000360013620141022142000.0080915s19uu xx 00 eng d aVHSbB74 2004 aBreastfeeding: protecting a natural resources. aVHS. aProtecting a natural resources.